BIBLIOTECA PODER JUDICIAL
Portal Judicial TDF

Guarda judicial y la aparente contradicción entre el art. 657 y el art. 702 inc. d) del Cód. Civ. y Com. / (Registro nro. 5304)

000 -LEADER
fixed length control field 01636nab a22003017a 4500
003 - CONTROL NUMBER IDENTIFIER
control field OSt
005 - DATE AND TIME OF LATEST TRANSACTION
control field 20250217205648.0
008 - FIXED-LENGTH DATA ELEMENTS--GENERAL INFORMATION
fixed length control field 190603e xxum|||| |||| 00| 0 spa d
040 ## - CATALOGING SOURCE
Transcribing agency PJ-TDF
100 ## - MAIN ENTRY--PERSONAL NAME
9 (RLIN) 4767
Personal name Jáuregui, Rodolfo G.
245 10 - TITLE STATEMENT
Title Guarda judicial y la aparente contradicción entre el art. 657 y el art. 702 inc. d) del Cód. Civ. y Com. /
Statement of responsibility, etc Rodolfo G. Jáuregui, Daniela N. Prado.
260 ## - PUBLICATION, DISTRIBUTION, ETC. (IMPRINT)
Date of publication, distribution, etc Ciudad Autónoma de Buenos Aires :
Place of publication, distribution, etc Thomson Reuters La Ley,
Name of publisher, distributor, etc 2023.
300 ## - PHYSICAL DESCRIPTION
Extent p. 155-161
500 ## - GENERAL NOTE
General note Cita: TR LALEY AR/DOC/1488/2023.
505 ## - FORMATTED CONTENTS NOTE
Formatted contents note Sumario: I. El caso.— II. La solución de la Sala.— III. La guarda, sus efectos y los diversos defectos en su regulación: una posible solución a la aparente contradicción entre el art. 657 y el art. 702 inc. d) del Cód. Civ. y Com.— IV. El carácter de la suspensión del ejercicio.— V. Conclusiones.
505 ## - FORMATTED CONTENTS NOTE
Title Fallo comentado: CCiv. y Com., Azul, sala I ~ 28/04/2023 ~ M., V. s/ guarda a parientes.
505 ## - FORMATTED CONTENTS NOTE
Title ¿Te interesa el texto completo? Solicitalo al correo: koha@justierradelfuego.gov.ar
650 #0 - SUBJECT ADDED ENTRY--TOPICAL TERM
9 (RLIN) 967
Topical term or geographic name as entry element DERECHO DE FAMILIA
650 #0 - SUBJECT ADDED ENTRY--TOPICAL TERM
9 (RLIN) 1497
Topical term or geographic name as entry element CODIGO CIVIL Y COMERCIAL
650 #0 - SUBJECT ADDED ENTRY--TOPICAL TERM
9 (RLIN) 1015
Topical term or geographic name as entry element RESPONSABILIDAD PARENTAL
650 #0 - SUBJECT ADDED ENTRY--TOPICAL TERM
9 (RLIN) 5662
Topical term or geographic name as entry element ADOLESCENTES
650 #0 - SUBJECT ADDED ENTRY--TOPICAL TERM
9 (RLIN) 6357
Topical term or geographic name as entry element GUARDADOR
650 #0 - SUBJECT ADDED ENTRY--TOPICAL TERM
9 (RLIN) 6355
Topical term or geographic name as entry element SUSPENSION DE LA RESPONSABILIDAD PARENTAL
650 #0 - SUBJECT ADDED ENTRY--TOPICAL TERM
9 (RLIN) 6356
Topical term or geographic name as entry element PRIVACION DE LA RESPONSABILIDAD PARENTAL
700 ## - ADDED ENTRY--PERSONAL NAME
9 (RLIN) 6354
Personal name Prado, Daniela N.
Función coautor
773 0# - HOST ITEM ENTRY
Host Biblionumber 2713
Host Itemnumber 3170
Place, publisher, and date of publication Ciudad Autónoma de Buenos Aires : Thomson Reuters La Ley, 2015-
Title Revista Código Civil y Comercial. Nº 5 - Octubre 2023
942 ## - ADDED ENTRY ELEMENTS (KOHA)
Source of classification or shelving scheme
Koha item type Analítica Artículo de Revista

No hay ítems disponibles.

12 de Octubre 789 Ushuaia - Tel:  54(02901)441571
Horario de Atención: 8.00 a 17.00 hs. 
bibliotecaush@justierradelfuego.gov.ar
koha@justierradelfuego.gov.ar
Seguinos en nuestras redes @bibliojustdf 

Con tecnología Koha